000 00820nam a2200229Ia 4500
003 GCL
008 140319s9999 xx 000 0 ara d
020 _a3544215977
040 _aGCL /
_cGCL
082 0 4 _a214
_bم د
100 1 _aمحمد الحافظ التجانى
245 1 0 _aالدين القيم وقضايا العصر /
_cمحمد الحافظ التجانى
250 _aالاولى
260 _aالقاهرة :
_bدار غريب للطباعة والنشر والتوزيع ،
_c2005
300 _aمتعدد ؛
_c24 سم
650 0 4 _aالاسلام
650 0 4 _aالسيرة النبوية
650 0 4 _aالقران - تفسير
650 0 4 _aالسيرة النبوية - اهل البيت
650 0 4 _aاهل بيت الرسول صلى الله عليه وسلم
942 _2ddc
_cBK
999 _c58365
_d58365